000 00254nmm a2200097Ia 4500
008 220120s9999||||xx |||||||||||||||||und||
020 _a0-07-044580-X
100 _aGere, James M
_911278
245 0 _aMechanics of materials
260 _aJohn Weily
_bNew Delhi
999 _c139764
_d139764